00926 a2200253 4500003000500000005001700005010001700022020001500039040000900054082001700063100002400080245003400104250001200138260005900150300001600209505015800225650003200383650004000415650002800455700002600483942001200509999001900521952013200540Nust20221124134241.0 a 2009048692 a8129701057 cNust00a515.819, ROY1 aH.L. Royden910351110aReal analysis /cH.L. Royden. a3rd ed. aUpper Saddle River, NJ :bPearson Prentice Hall,c1988 axvii, 444 p aPART-1: Theory of Functions of a Real Variable (Page-31), PART-2: Abstract Spaces (Page-139), PART-3: General Measure and Integration Theory (Page-253) . 0aFunctional analysis.939212 0aFunctions of real variables.935586 0aMeasure theory.91028671 aRoyden, H. L.9103512 2ddccBK c182054d182054 00102ddc4070aMCSbMCScGENd2016-12-12o515.819, ROYpMCS31247r2016-12-08w2016-12-12yBKzAlmirah Fresh No.13, Shelf No.6